[Event "Pamplona"]
[Site "Pamplona"]
[Date "1992.??.??"]
[Round "6"]
[White "Magem Badals, Jorge"]
[Black "Kramnik, Vladimir"]
[Result "1/2-1/2"]
[WhiteElo "2510"]
[BlackElo "2625"]

1.e4 c5 2.Nf3 Nc6 3.Bb5 e6 4.O-O Nge7 5.c3 a6 6.Ba4 b5 7.Bc2 Bb7 8.Re1 d5
9.e5 d4 10.Be4 d3 11.a4 c4 12.b3 Nd5  1/2-1/2

[Event "Alcobendas m"]
[Site "Alcobendas"]
[Date "1993.??.??"]
[Round "1"]
[White "Illescas Cordoba, Miguel"]
[Black "Kramnik, Vladimir"]
[Result "0-1"]
[WhiteElo "2625"]
[BlackElo "2710"]

1.e4 c5 2.Nf3 Nc6 3.d4 cxd4 4.Nxd4 Nf6 5.Nc3 d6 6.Bg5 e6 7.Qd2 Be7 8.O-O-O O-O
9.Nb3 Qb6 10.f3 Rd8 11.Be3 Qc7 12.Qf2 d5 13.exd5 Nxd5 14.Nxd5 Rxd5 15.Rxd5 exd5
16.g4 Bf6 17.Kb1 Be6 18.g5 Be5 19.f4 d4 20.Bc1 Bd5 21.Rg1 Bd6 22.Bg2 Bxg2
23.Rxg2 Qd7 24.Qe2 Bf8 25.Qd3 Rd8 26.a3 Qd5 27.Re2 b5 28.Bd2 a6 29.Re1 g6
30.h4 h5 31.Re4 Kh7 32.Qe2 Bg7 33.Na5 d3 34.cxd3 Nd4 35.Qf1 Nf5 36.Be1 Qxd3+
37.Qxd3 Rxd3 38.Nc6 Ne3 39.Ka2 Ng2 40.Ne5 Nxe1 41.Rxe1 Rd2 42.a4 bxa4 43.Re4 Rh2
44.Nxf7 Bxb2 45.Rxa4 Bg7+ 46.Kb3 Rxh4 47.Kc2 Rg4 48.Kd3 h4 49.Ke4 h3 50.Ra2 Kg8
51.Ne5 Rg2 52.Ra3 Re2+ 53.Kd5 h2 54.Rh3 Bxe5 55.fxe5 a5 56.e6 a4 57.Kd6 a3
58.Rb3 h1=Q  0-1

[Event "Alcobendas m"]
[Site "Alcobendas"]
[Date "1993.??.??"]
[Round "5"]
[White "Illescas Cordoba, Miguel"]
[Black "Kramnik, Vladimir"]
[Result "1/2-1/2"]
[WhiteElo "2625"]
[BlackElo "2710"]

1.e4 c5 2.Nf3 Nc6 3.Bb5 g6 4.Bxc6 bxc6 5.O-O Bg7 6.Re1 Nh6 7.c3 O-O 8.d4 cxd4
9.cxd4 d6 10.Nc3 f6 11.b3 Nf7 12.Bb2 Qa5 13.Qc2 Bd7 14.Nd2 Rac8 15.Nc4 Qa6
16.Rad1 Be6 17.Ne3 Bh6 18.Qb1 Rfe8 19.d5 cxd5 20.Ncxd5 Kf8 21.f4 Nd8 22.f5 Bf7
23.Nc4 Bg7 24.Qa1 Kg8 25.Nxf6+ Bxf6 26.Bxf6 Bxc4 27.Bh8 e5 28.fxe6 Nxe6 29.bxc4 Rf8
30.e5 dxe5 31.Rxe5 Rf7 32.Rde1 Nf8 33.c5 Qc4 34.Rc1 Qb4 35.h3 Qd2 36.Ree1 Rxc5
37.Rxc5 Qf2+ 38.Kh1 Qxc5 39.Bd4 Qc2 40.a3 h5 41.Bg1 Qf5 42.Qa2 Kg7 43.Qb2+ Kh7
44.Re5 Qd3 45.Re8 g5 46.Qe5 Qf5 47.Qxf5+ Rxf5 48.Re7+ Kg6 49.Rxa7 Ne6 50.Ra6 Re5
51.a4 Kf5 52.Rb6 Re1 53.Rb5+ Kg6 54.Rb6 Kf5 55.Rb5+ Kg6 56.a5 Nf4 57.Rb6+ Kf5
58.Rb5+ Kg6 59.Rb6+ Kf5 60.Rb5+  1/2-1/2

[Event "Alcobendas m"]
[Site "Alcobendas"]
[Date "1993.??.??"]
[Round "6"]
[White "Kramnik, Vladimir"]
[Black "Illescas Cordoba, Miguel"]
[Result "1/2-1/2"]
[WhiteElo "2710"]
[BlackElo "2625"]

1.d4 Nf6 2.c4 e6 3.Nf3 c5 4.d5 exd5 5.cxd5 d6 6.Nc3 g6 7.h3 Bg7 8.e4 O-O
9.Bd3 a6 10.a4 Nh5 11.O-O Nd7 12.Bg5 Bf6 13.Be3 Re8 14.Qd2 Qc7 15.Rfc1 Ne5
16.Be2 Nxf3+ 17.Bxf3 Ng7 18.a5 Be5 19.Na4 f5 20.Nb6 Rb8 21.Nc4 fxe4 22.Bxe4 Bxb2
23.Qxb2 Rxe4 24.f3 Re8 25.Bf4 Nf5 26.Nxd6 Nxd6 27.Qf6 Bf5 28.Bxd6  1/2-1/2

[Event "Amsterdam VSB"]
[Site "Amsterdam"]
[Date "1993.??.??"]
[Round "4"]
[White "Short, Nigel D"]
[Black "Kramnik, Vladimir"]
[Result "1-0"]
[WhiteElo "2655"]
[BlackElo "2685"]

1.e4 c5 2.Nf3 Nc6 3.d4 cxd4 4.Nxd4 Nf6 5.Nc3 d6 6.Bg5 e6 7.Qd2 a6 8.O-O-O h6
9.Be3 Bd7 10.f4 b5 11.Bd3 Be7 12.Kb1 O-O 13.Rhf1 Ng4 14.Nxc6 Bxc6 15.Bg1 Nf6
16.e5 dxe5 17.fxe5 Nd7 18.Bd4 Bc5 19.Be4 Qc7 20.Bxc6 Qxc6 21.Rf4 Qc7 22.Bxc5 Nxc5
23.Qd6 Rac8 24.Qxc7 Rxc7 25.Rfd4 Rb8 26.b4 Nb7 27.Ne4 Kf8 28.Kb2 Ke7 29.a3 Rd8
30.Rxd8 Nxd8 31.Nc5 a5 32.c4 axb4 33.axb4 bxc4 34.Kc3 Nc6 35.Re1 Na7 36.Kxc4 Kd8
37.Rd1+ Ke7 38.b5 Nc8 39.Kb4 Nb6 40.Rd6 Nd5+ 41.Rxd5  1-0

[Event "Amsterdam VSB"]
[Site "Amsterdam"]
[Date "1993.??.??"]
[Round "5"]
[White "Anand, Viswanathan"]
[Black "Kramnik, Vladimir"]
[Result "1/2-1/2"]
[WhiteElo "2710"]
[BlackElo "2685"]

1.e4 c5 2.Nf3 Nc6 3.d4 cxd4 4.Nxd4 Nf6 5.Nc3 d6 6.Bg5 e6 7.Qd2 a6 8.O-O-O h6
9.Be3 Bd7 10.f3 b5 11.Kb1 Ne5 12.Bd3 Qc7 13.g4 b4 14.Nce2 d5 15.Bf4 dxe4
16.Bxe4 Nxe4 17.fxe4 Rc8 18.b3 f6 19.h4 Qb7 20.Bxe5 fxe5 21.Nf3 Bc6 22.Ng3 Bc5
23.g5 O-O 24.Nxe5 Bf2 25.Nxc6 Qxc6 26.Nf5 exf5 27.Qxf2 fxe4  1/2-1/2

[Event "AUT-chT"]
[Site "?"]
[Date "1993.??.??"]
[Round "?"]
[White "Stohl, Igor"]
[Black "Kramnik, Vladimir"]
[Result "1/2-1/2"]
[WhiteElo "2540"]
[BlackElo "2685"]

1.c4 e5 2.g3 Nc6 3.Bg2 g6 4.Nc3 Bg7 5.e3 Nge7 6.Nge2 d6 7.d3 O-O 8.O-O Bg4
9.h3 Be6 10.Nd5 Qd7 11.Kh2 Rae8 12.Rb1 f5 13.b4 Nc8  1/2-1/2

[Event "Belgrade"]
[Site "Belgrade"]
[Date "1993.??.??"]
[Round "7"]
[White "Mozetic, Dejan"]
[Black "Kramnik, Vladimir"]
[Result "1/2-1/2"]
[WhiteElo "2580"]
[BlackElo "2710"]

1.d4 d5 2.c4 c6 3.cxd5 cxd5 4.Bf4 Nf6 5.e3 Nc6 6.Nc3 Bg4 7.Qb3 Na5 8.Qc2 a6
9.h3 Bh5 10.Qa4+ Nc6 11.Qb3 Na5 12.Qa4+ Nc6 13.Qb3 Ra7 14.g4 Bg6 15.Nf3 e6
16.Ne5 Be7 17.Be2 Nd7 18.Nxd7 Qxd7 19.Rc1 O-O 20.Na4 Bb4+ 21.Kf1 Bd2 22.Nc5 Qd8
23.Nxb7 Nxd4  1/2-1/2

[Event "Cannes m"]
[Site "Cannes"]
[Date "1993.??.??"]
[Round "4"]
[White "Kramnik, Vladimir"]
[Black "Lautier, Joel"]
[Result "1/2-1/2"]
[WhiteElo "2685"]
[BlackElo "2645"]

1.d4 Nf6 2.c4 g6 3.Nc3 Bg7 4.e4 d6 5.f3 O-O 6.Be3 e5 7.Nge2 c6 8.Qd2 Nbd7
9.O-O-O a6 10.Kb1 b5 11.Nc1 exd4 12.Bxd4 Rb8 13.Nb3 bxc4 14.Bxc4 a5 15.a3  1/2-1/2

[Event "Groningen PCA"]
[Site "Groningen"]
[Date "1993.??.??"]
[Round "7"]
[White "Kramnik, Vladimir"]
[Black "Adams, Michael"]
[Result "1/2-1/2"]
[WhiteElo "2710"]
[BlackElo "2630"]

1.Nf3 Nf6 2.c4 b6 3.Nc3 c5 4.e4 d6 5.d4 cxd4 6.Nxd4 Bb7 7.Qe2 e6 8.g3 Nc6
9.Nxc6 Bxc6 10.Bg2 Be7 11.O-O Nd7 12.Re1 Bb7 13.e5 Bxg2 14.exd6 Bxd6 15.Kxg2 O-O
16.Rd1 Be7 17.Bf4 Qc8 18.Bd6 Re8 19.Bxe7 Rxe7 20.Rd6 Qb7+ 21.Qe4 Nc5 22.Qxb7 Nxb7
23.Rd2 Rd8 24.Rxd8+ Nxd8 25.Rd1 Nb7 26.f4 Kf8 27.Kf3 Ke8 28.Nb5 a5 29.a3 a4
30.Nd6+ Nxd6 31.Rxd6 Rb7 32.Ke3  1/2-1/2

[Event "Wch Team"]
[Site "Luzern"]
[Date "1993.??.??"]
[Round "1"]
[White "Kramnik, Vladimir"]
[Black "Kortschnoj, Viktor"]
[Result "1/2-1/2"]
[WhiteElo "2710"]
[BlackElo "2625"]

1.Nf3 Nf6 2.c4 e6 3.Nc3 Bb4 4.Qc2 O-O 5.a3 Bxc3 6.Qxc3 b6 7.b3 Bb7 8.Bb2 d6
9.e3 e5 10.Be2 c5 11.O-O Re8 12.Rae1 Ne4 13.Qc2 Ng5 14.Qf5 Nxf3+ 15.Bxf3 Bxf3
16.Qxf3 Nd7 17.d4 Qf6 18.Qxf6 Nxf6 19.dxe5 dxe5 20.Rd1 Kf8 21.f3 Re7 22.Rd2 Rd7
23.Rxd7 Nxd7 24.Rd1 Ke7 25.Kf2 f6 26.Ke2  1/2-1/2

[Event "Wch Team"]
[Site "Luzern"]
[Date "1993.??.??"]
[Round "4"]
[White "Kamsky, Gata"]
[Black "Kramnik, Vladimir"]
[Result "1-0"]
[WhiteElo "2645"]
[BlackElo "2710"]

1.d4 d5 2.c4 c6 3.Nc3 Nf6 4.Nf3 e6 5.Bg5 h6 6.Bxf6 Qxf6 7.e3 Nd7 8.Bd3 g6
9.O-O Bg7 10.e4 dxc4 11.e5 Qe7 12.Bxc4 O-O 13.Qe2 b6 14.Rfe1 a6 15.Bd3 Bb7
16.Be4 Ra7 17.Rac1 b5 18.Qe3 c5 19.d5 Nxe5 20.Nxe5 Bxe5 21.dxe6 Bxe4 22.Nxe4 Bxb2
23.Rxc5 Bg7 24.Rc6 fxe6 25.Nc5 Qf7 26.Nxe6 Re8 27.Qb3 Kh8 28.g3 Qf5 29.Re2 Rae7
30.Rxa6 Bf6 31.Re3 Kh7 32.Rf3 Qe5 33.Nf4 Qb2 34.Qd3 Re4 35.Kg2 Qd4 36.Qxb5 R8e7  1-0

[Event "Madrid"]
[Site "Madrid"]
[Date "1993.??.??"]
[Round "2"]
[White "Lautier, Joel"]
[Black "Kramnik, Vladimir"]
[Result "1/2-1/2"]
[WhiteElo "2645"]
[BlackElo "2685"]

1.c4 e5 2.Nc3 d6 3.g3 Nc6 4.Nf3 g5 5.d4 g4 6.d5 Nce7 7.Nd2 f5 8.h3 Nf6 9.e4 Bg7
10.exf5 Bxf5 11.hxg4 Bxg4 12.Be2 Bf5 13.Nf1 Bg6 14.Bg5 Nf5 15.Bd3 O-O 16.Ne3 e4
17.Be2 Qe8 18.Qd2 Qf7 19.Nxf5 Bxf5 20.Rh4 Nd7 21.O-O-O Ne5 22.Nxe4 Ng6 23.Bh5 Qd7
24.Bxg6 Bxg6 25.Bh6 Bxh6 26.Qxh6 Rae8 27.Rd4 Qg7 28.Qxg7+ Kxg7 29.Ng5 Rxf2
30.Ne6+ Kg8 31.Rdf4 Rxf4 32.Rxf4 c6 33.Kd2 Bf7 34.Ng5 Bg6 35.Ne6 Bf7 36.Ng5 Bg6  1/2-1/2

[Event "Madrid"]
[Site "Madrid"]
[Date "1993.??.??"]
[Round "5"]
[White "Kramnik, Vladimir"]
[Black "Izeta Txabarri, Felix"]
[Result "1/2-1/2"]
[WhiteElo "2685"]
[BlackElo "2505"]

1.d4 Nf6 2.c4 e6 3.Nf3 Bb4+ 4.Bd2 c5 5.g3 Bxd2+ 6.Qxd2 Ne4 7.Qd3 Qa5+ 8.Nbd2 Nxd2
9.Nxd2 cxd4 10.Qxd4 O-O 11.Bg2 Nc6 12.Qe3 d5 13.O-O d4 14.Qd3 e5 15.a3 f5
16.b4 Qc7 17.Nb3 e4 18.Qd2 Be6 19.Nxd4 Nxd4 20.Qxd4 Bxc4 21.Rfc1 b5 22.a4 Qb6
23.Qxb6 axb6 24.e3 Rac8 25.axb5 Bxb5 26.Bh3 Bd7 27.Rd1 Rc7 28.Rd6 Rf6 29.Rxf6 gxf6
30.Bf1 Kf7 31.Kg2 Ke7 32.Ra6 Rb7 33.Ra8 Be8 34.Ba6 Rc7 35.Rb8 Bh5 36.Rb7 Rxb7
37.Bxb7 Kd6 38.Kh3 h6 39.Bc8 Bg6 40.Kh4 Ke5  1/2-1/2

[Event "Madrid"]
[Site "Madrid"]
[Date "1993.??.??"]
[Round "9"]
[White "Kramnik, Vladimir"]
[Black "Topalov, Veselin"]
[Result "1/2-1/2"]
[WhiteElo "2685"]
[BlackElo "2635"]

1.d4 Nf6 2.c4 g6 3.Nc3 Bg7 4.e4 d6 5.f3 O-O 6.Be3 e5 7.Nge2 c6 8.Qd2 a6 9.dxe5 dxe5
10.Qxd8 Rxd8 11.Na4 Nbd7  1/2-1/2

[Event "PCA/Intel-GP"]
[Site "London"]
[Date "1994.??.??"]
[Round "3"]
[White "Ivanchuk, Vassily"]
[Black "Kramnik, Vladimir"]
[Result "1/2-1/2"]
[WhiteElo "2695"]
[BlackElo "2725"]

1.e4 c5 2.Nf3 Nc6 3.d4 cxd4 4.Nxd4 Nf6 5.Nc3 e5 6.Ndb5 d6 7.Bg5 a6 8.Na3 b5
9.Bxf6 gxf6 10.Nd5 Bg7 11.c3 f5 12.exf5 Bxf5 13.Nc2 O-O 14.Nce3 Be6 15.Bd3 f5
16.O-O Ra7 17.Qh5 e4 18.Bc2 Qe8 19.Qxe8 Rxe8 20.f3 exf3 21.Rxf3 Ne5 22.Rg3 Rf7
23.Nf4 Nc4 24.Nxe6 Rxe6 25.Nxf5 Nxb2 26.Rf1 Nc4 27.h4 Rg6 28.Rgf3 Nd2 29.Bb3 Nxb3
30.axb3 Rc7 31.h5 Rg5 32.h6 Rxf5 33.Rxf5 Bxh6 34.R1f3 Bg7 35.Rg5 Kh8 36.Kf1 Rxc3
37.Rxc3 Bxc3 38.Ke2 Be5 39.b4 Bc3 40.Rg4 d5 41.Kd3 d4 42.Rxd4 Bxd4 43.Kxd4 Kg7
44.Kc5 Kf6 45.Kb6 Ke5 46.Kxa6 Kf4 47.Kxb5 Kg3 48.Kc4 h5 49.b5 h4 50.b6 Kxg2
51.b7 h3 52.b8=Q h2  1/2-1/2

[Event "PCA/Intel-GP"]
[Site "London"]
[Date "1994.??.??"]
[Round "3"]
[White "Kramnik, Vladimir"]
[Black "Ivanchuk, Vassily"]
[Result "1/2-1/2"]
[WhiteElo "2725"]
[BlackElo "2695"]

1.Nf3 c5 2.c4 g6 3.e4 Nc6 4.d4 cxd4 5.Nxd4 Nf6 6.Nc3 d6 7.Be2 Nxd4 8.Qxd4 Bg7
9.Bg5 O-O 10.Qd2 Be6 11.Rc1 Qa5 12.f3 Rfc8 13.b3 a6 14.Na4 Qxd2+ 15.Kxd2 Nd7
16.Be3 Rab8 17.Nc3 Ne5 18.Nd5 Nc6 19.Nb6 Rd8 20.Rhd1 Bd4 21.Bxd4 Nxd4 22.Ke3 Nxe2
23.Kxe2 f5 24.exf5 Bxf5 25.Rd4 Kf7 26.Rcd1 Rf8 27.g4 Be6 28.a4 Rbd8 29.b4 h5
30.gxh5 gxh5 31.c5 Rde8 32.cxd6 exd6 33.Kf2 Rg8 34.Rh4 Rg5 35.Rxd6 Reg8 36.Rdd4 Kf6
37.Rhf4+ Ke7 38.Rfe4 Rg2+ 39.Ke3 Kf7 40.Rd6 Bf5 41.Re5 Re8 42.Rxe8 Kxe8 43.h4 Rb2
44.Rd4 Kf7 45.Kf4 Be6 46.Ke5 Re2+ 47.Kd6 Rf2 48.Kc7 Rxf3 49.Kxb7 Kf6 50.Kxa6 Ke5
51.Rd2 Rf4 52.b5 Rxh4 53.a5 Rd4 54.Re2+ Kd6 55.Kb7 Rb4 56.Rd2+ Kc5 57.Re2 Rxb5
58.Rxe6 Rxa5 59.Rc6+ Kd4 60.Rc4+ Kd3 61.Rh4 Rf5 62.Kc6 Ke3 63.Nd5+ Kf3 64.Kd6 Kg3
65.Rh1 h4 66.Ke6 Rxd5 67.Kxd5 h3 68.Ke4 Kg2 69.Ra1 h2 70.Ra2+ Kg3 71.Ra3+ Kg2
72.Ra2+ Kg3  1/2-1/2

[Event "Amber-rapid 3rd"]
[Site "Monte Carlo"]
[Date "1994.??.??"]
[Round "2"]
[White "Kortschnoj, Viktor"]
[Black "Kramnik, Vladimir"]
[Result "1/2-1/2"]
[WhiteElo "2615"]
[BlackElo "2710"]

1.d4 d5 2.c4 c6 3.Nf3 Nf6 4.Nc3 e6 5.Bg5 h6 6.Bxf6 Qxf6 7.Qb3 Nd7 8.g3 dxc4
9.Qxc4 e5 10.Bg2 exd4 11.Ne4 Qe7 12.Qxd4 Qb4+ 13.Nc3 Nf6 14.O-O-O Be6 15.a3 Qa5
16.Qe5 Qxe5 17.Nxe5 Rd8 18.Kc2 Bd6 19.Nd3 O-O 20.e4 Bc4 21.Rhe1 Ng4 22.h3 Bxd3+
23.Rxd3 Ne5 24.Rd2 Bc5 25.Red1 Rxd2+ 26.Rxd2 Nc4 27.Re2 Rd8 28.h4 h5 29.Bh3 Ne5
30.Na4 Bd4 31.f4 Nc4 32.e5 Ne3+ 33.Kd3 b5 34.Nc3 Bb6+ 35.Ke4 Nc4 36.e6 Kf8
37.exf7 Kxf7 38.Kf3 Rd3+ 39.Kg2 Ne3+ 40.Kh2 Bd4 41.Ne4 Rb3 42.Bd7 Rxb2 43.Rxb2 Bxb2
44.Bxc6 a6 45.Nc5 Bxa3 46.Nxa6 Bd6 47.Bxb5 Ke6 48.Be2 Ng4+ 49.Kh3 Nf6 50.Bc4+  1/2-1/2

[Event "Amber-rapid 3rd"]
[Site "Monte Carlo"]
[Date "1994.??.??"]
[Round "3"]
[White "Kramnik, Vladimir"]
[Black "Ljubojevic, Ljubomir"]
[Result "1/2-1/2"]
[WhiteElo "2710"]
[BlackElo "2600"]

1.Nf3 c5 2.c4 g6 3.e4 Bg7 4.d4 cxd4 5.Nxd4 Nc6 6.Be3 Nf6 7.Nc3 Ng4 8.Qxg4 Nxd4
9.Qd1 Ne6 10.Qd2 Qa5 11.Rc1 b6 12.Be2 Bb7 13.f3 h5 14.b3 h4 15.Nd5 Qxd2+
16.Kxd2 Bh6 17.Rhd1 Bxe3+ 18.Kxe3 g5 19.b4 d6 20.c5 bxc5 21.bxc5 dxc5 22.Nc3 Bc6
23.Bc4 Nd4 24.Ne2 e5 25.Ba6 Ba4 26.Rd2 Rh6 27.Bb7 Rb8 28.Bd5 Rc8 29.Nc3 Bd7
30.Bc4 Bc6 31.h3 Rd6 32.Rb2 Ke7 33.Nd1 f5 34.Nc3 fxe4 35.fxe4 Rf8 36.Bd5 Bd7
37.Bc4 Bc6 38.Bd5 Kd7 39.Bxc6+ Kxc6 40.Na4 Ne6 41.Nxc5 Nxc5 42.Rbc2 Rd3+
43.Ke2 Rg3 44.Rxc5+ Kb6 45.Rxe5 Rxg2+ 46.Ke3  1/2-1/2

[Event "Moscow ol (Men)"]
[Site "Moscow"]
[Date "1994.??.??"]
[Round "10"]
[White "Kramnik, Vladimir"]
[Black "Ehlvest, Jaan"]
[Result "1/2-1/2"]
[WhiteElo "2725"]
[BlackElo "2600"]

1.Nf3 b6 2.e4 Bb7 3.Nc3 e6 4.d4 Bb4 5.Bd3 Nf6 6.Bg5 h6 7.Bxf6 Qxf6 8.O-O Bxc3
9.bxc3 d5 10.exd5 Bxd5 11.Ne5 O-O 12.Qh5 Qd8 13.c4 Bb7 14.d5 Qd6 15.Rae1 exd5
16.Qf5 g6 17.Qh3 Kg7 18.Nxf7 Kxf7 19.Qxh6 Rg8 20.f4 Nd7 21.f5 Rh8 22.fxg6+ Kg8
23.Qf4 Qxf4  1/2-1/2

[Event "Munich Express"]
[Site "Munich"]
[Date "1994.??.??"]
[Round "?"]
[White "Short, Nigel D"]
[Black "Kramnik, Vladimir"]
[Result "1/2-1/2"]
[WhiteElo "2665"]
[BlackElo "2710"]

1.e4 c5 2.Nf3 Nc6 3.d4 cxd4 4.Nxd4 Nf6 5.Nc3 e6 6.Ndb5 Bb4 7.a3 Bxc3+ 8.Nxc3 d5
9.exd5 exd5 10.Bd3 O-O 11.O-O d4 12.Ne2 Qd5 13.c4 dxc3 14.Nxc3 Qa5 15.Re1 Rd8
16.Qe2 Bg4 17.f3 Nd4 18.Qf1 Bf5 19.Bxf5 Qxf5 20.Rb1 Rac8 21.Be3 Nc2 22.Re2 Nxe3
23.Rxe3 Rd2 24.Re2 Rxe2 25.Nxe2 h6 26.Nd4 Qc5 27.Qf2 Rd8 28.Ne2 Qc2 29.Nc3 Rd2
30.Qg3 Nd5 31.Re1 Nxc3 32.bxc3 Qxc3 33.Qb8+ Kh7 34.Qxb7 Qd4+ 35.Kh1 Qd7 36.Qxd7 Rxd7
37.h3 Kg6 38.Re4  1/2-1/2

[Event "Belgrade Invest"]
[Site "Belgrade"]
[Date "1995.??.??"]
[Round "3"]
[White "Kramnik, Vladimir"]
[Black "Ivanchuk, Vassily"]
[Result "1/2-1/2"]
[WhiteElo "2730"]
[BlackElo "2740"]

1.Nf3 Nf6 2.c4 g6 3.Nc3 Bg7 4.e4 d6 5.d4 O-O 6.Be2 Na6 7.Nd2 c5 8.d5 e6 9.O-O exd5
10.cxd5 Nc7 11.a4 Nfe8 12.Nc4 f5 13.f3 Qe7 14.Bf4 g5 15.Bg3 f4 16.Bf2 b6
17.Re1 Ba6 18.e5 Bxc4 19.exd6 Nxd6 20.Bxc4 Qd7 21.Ba2 Rae8 22.Qd3 Kh8 23.Rxe8 Rxe8
24.Rd1 Bf6 25.Bb1 Re7 26.h3 Nce8 27.Bc2 Be5 28.Re1 Nf6 29.a5 Bd4 30.Re2 Bxf2+
31.Kxf2 b5 32.b4 Rxe2+ 33.Qxe2 cxb4 34.Qe5 Ne8 35.Ne4 Qxd5 36.Qe7 Nxe4+ 37.Bxe4 Qd4+
38.Kf1 Qd1+ 39.Kf2 Qd4+ 40.Kf1 Nf6 41.Qf8+ Ng8 42.Qa8 b3 43.Bd5 Qg7 44.Bxb3 Qa1+
45.Kf2 Qd4+ 46.Kf1 Qa1+  1/2-1/2

[Event "Belgrade Invest"]
[Site "Belgrade"]
[Date "1995.??.??"]
[Round "5"]
[White "Kramnik, Vladimir"]
[Black "Miladinovic, Igor"]
[Result "1/2-1/2"]
[WhiteElo "2730"]
[BlackElo "2555"]

1.e4 c5 2.Nf3 Nc6 3.Bb5 e6 4.O-O Nge7 5.c3 a6 6.Be2 d5 7.exd5 Nxd5 8.d4 cxd4
9.Nxd4 Nxd4 10.Qxd4 Bd7 11.Bf3 Bc6 12.Nd2 Qc7 13.Nc4 Rd8 14.Rd1 f6 15.Qg4 Kf7
16.Re1 Re8 17.a4 g6 18.Bd2 h5 19.Qg3 Qxg3 20.hxg3 Rd8 21.Na5 Nb4 22.Nxc6 Nxc6
23.Be3 Be7 24.Red1 Rxd1+ 25.Rxd1 Rd8 26.Rxd8 Bxd8 27.b4 Ke8 28.Be4 f5 29.Bxc6+ bxc6
30.Bd4 Bc7 31.Kf1 e5 32.Bc5 Kd7 33.Ke2 g5  1/2-1/2

[Event "Dortmund"]
[Site "Dortmund"]
[Date "1995.??.??"]
[Round "7"]
[White "Kramnik, Vladimir"]
[Black "Lautier, Joel"]
[Result "1/2-1/2"]
[WhiteElo "2730"]
[BlackElo "2645"]

1.Nf3 d5 2.d4 e6 3.g3 Nf6 4.Bg2 Be7 5.O-O O-O 6.c4 dxc4 7.Qc2 a6 8.a4 Bd7
9.Qxc4 Bc6 10.Bf4 a5 11.Nc3 Na6 12.Rac1 h6 13.Rfe1 Bb4 14.Be5 Bxf3 15.Bxf3 c6
16.Red1 Qe7 17.Bf4 Nd5 18.Bd2 Rfd8 19.Qb3 Nf6 20.Be3 Nd5 21.Bd2 Nb6 22.Be3 Nd5
23.Bd2  1/2-1/2

[Event "EUCup f"]
[Site "Ljubljana"]
[Date "1995.??.??"]
[Round "1"]
[White "Almasi, Zoltan"]
[Black "Kramnik, Vladimir"]
[Result "1/2-1/2"]
[WhiteElo "2645"]
[BlackElo "2730"]

1.e4 c5 2.Nf3 Nc6 3.d4 cxd4 4.Nxd4 Nf6 5.Nc3 d6 6.Bg5 e6 7.Qd2 Be7 8.O-O-O O-O
9.f4 Nxd4 10.Qxd4 Qa5 11.Bc4 Bd7 12.e5 dxe5 13.fxe5 Bc6 14.Bd2 Nd7 15.Nd5 Qc5
16.Nxe7+ Qxe7 17.Rhe1 Rfd8 18.Qg4 Nf8 19.Bd3 Rxd3 20.cxd3 Qd7 21.Bb4 Qd5
22.Bxf8 Rxf8 23.Kb1 Qxg2 24.Qxg2 Bxg2 25.Rg1 Bc6 26.Kc2 f5 27.exf6 Rxf6 28.Rdf1 Rh6
29.Rf2 Rh4 30.Kc3 Bd5 31.a3 h6 32.b4 a6 33.a4 g5 34.Rgf1 g4 35.Rg1 Kh7 36.Rg3 Bf3
37.Kd4 Rh5 38.h3 Rd5+ 39.Ke3 Re5+ 40.Kd2 h5 41.hxg4 hxg4  1/2-1/2

[Event "Amber-rapid 4th"]
[Site "Monte Carlo"]
[Date "1995.??.??"]
[Round "1"]
[White "Ivanchuk, Vassily"]
[Black "Kramnik, Vladimir"]
[Result "1/2-1/2"]
[WhiteElo "2700"]
[BlackElo "2715"]

1.c4 c5 2.Nc3 Nc6 3.g3 g6 4.Bg2 Bg7 5.e3 e6 6.Nge2 Nge7 7.d4 cxd4 8.Nxd4 O-O
9.O-O d5 10.cxd5 Nxd5 11.Re1 Nxd4 12.exd4 Qb6 13.Nxd5 exd5 14.Bxd5 Bxd4 15.Be3 Bxe3
16.Rxe3 Qxb2 17.Rb1 Qf6 18.Rf3 Qe7 19.Re3 Qf6 20.Rb4 Rd8 21.Rf3 Bf5 22.Rxb7 Rab8
23.Rxb8 Rxb8 24.Be4 Rb5 25.a4 Re5 26.Bxf5 Rxf5 27.Rxf5 gxf5 28.Qd7 a5 29.Kg2 Kg7
30.Qd5 Qc3 31.Kh3 Qb4 32.Qd1 Kg6 33.f4 Kg7 34.Qc2 Kg6 35.Qc8 Kg7 36.Qd7 Qe4
37.Kh4 Qe2 38.Kh3 Qg4+ 39.Kg2 Qe2+ 40.Kg1  1/2-1/2

[Event "Amber-blind 4th"]
[Site "Monte Carlo"]
[Date "1995.??.??"]
[Round "1"]
[White "Kramnik, Vladimir"]
[Black "Ivanchuk, Vassily"]
[Result "1/2-1/2"]
[WhiteElo "2715"]
[BlackElo "2700"]

1.Nf3 f5 2.g3 Nf6 3.Bg2 g6 4.O-O Bg7 5.d4 O-O 6.c4 d6 7.Nc3 Na6 8.Rb1 c6
9.b4 Ne4 10.Bb2 Be6 11.Qb3 b5 12.Nxe4 Bxc4 13.Qe3 fxe4 14.Qxe4 Nxb4 15.Bh3 Kh8
16.Ng5 e5 17.Ne6 Bxe6 18.Bxe6 d5 19.Qg4 e4 20.Rbc1 Qd6 21.Ba3 a5 22.Bd7 h5
23.Qh3 Ra6 24.e3 Rd8 25.Bg4 Ra7 26.Rc2 Rc7 27.Rfc1 Bf8 28.Be2 Rdd7 29.Bxb4 axb4
30.Qf1 Rf7 31.Qh3 Kg7 32.Bf1 Kh6 33.Be2 Bg7 34.Bf1 Qf6 35.Qg2 Qd6 36.Qh3 Bf6
37.Be2 Bg5 38.Qg2 Bd8 39.h4 Qd7 40.Bf1 Rf6 41.Qh3 Rf5 42.Be2 Qf7 43.Qg2 Rf6
44.Bf1 Ra7 45.Qh3 Rf5 46.Rb1 Ra4 47.Rbb2 Qf6 48.Qh2 Be7 49.Bh3 Rf3 50.Bg2 Rf5
51.Bh3 Rf3  1/2-1/2

[Event "Amber-rapid 4th"]
[Site "Monte Carlo"]
[Date "1995.??.??"]
[Round "2"]
[White "Kramnik, Vladimir"]
[Black "Karpov, Anatoly"]
[Result "0-1"]
[WhiteElo "2715"]
[BlackElo "2780"]

1.Nf3 Nf6 2.c4 e6 3.Nc3 Bb4 4.g3 b6 5.Bg2 Bb7 6.O-O O-O 7.Qc2 Re8 8.Rd1 Bxc3
9.Qxc3 Qe7 10.d4 d6 11.b3 Nbd7 12.Bb2 c5 13.dxc5 Nxc5 14.Nd4 a6 15.f3 Rec8
16.Qe3 Rc7 17.Qg5 h6 18.Qh4 d5 19.cxd5 Bxd5 20.g4 Bb7 21.Qf2 Rd8 22.Rd2 Rcd7
23.Rad1 Qe8 24.Qe1 Nd5 25.Nc2 Nf4 26.Rxd7 Rxd7 27.Rxd7 Qxd7 28.Bf1 f6 29.Bc1 e5
30.Qd2 Qc7 31.Ne1 Nd5 32.e3 b5 33.Kf2 Ne6 34.Qc2 Qb6 35.Bd2 Ng5 36.h4 Ne6
37.Bd3 Kf7 38.Bg6+ Kf8 39.Nd3 a5 40.Be4 Ke7 41.a4 b4 42.Qc4 Qc6 43.f4 Qxc4
44.bxc4 Ndxf4 45.exf4 Bxe4 46.Nc1 Bc2  0-1

[Event "Amber-rapid 4th"]
[Site "Monte Carlo"]
[Date "1995.??.??"]
[Round "7"]
[White "Lautier, Joel"]
[Black "Kramnik, Vladimir"]
[Result "1-0"]
[WhiteElo "2655"]
[BlackElo "2715"]

1.c4 Nf6 2.Nc3 c5 3.g3 Nc6 4.Bg2 g6 5.a3 Bg7 6.Rb1 a5 7.e3 d6 8.Nge2 h5 9.h3 O-O
10.O-O e5 11.d3 Rb8 12.Bd2 Be6 13.e4 Qd7 14.Kh2 h4 15.g4 Nh7 16.f4 exf4 17.Bxf4 Be5
18.Kh1 Qd8 19.Bh6 Bg7 20.Be3 Nd4 21.b4 Nxe2 22.Nxe2 cxb4 23.axb4 b5 24.c5 axb4
25.Rxb4 dxc5 26.Bxc5 Re8 27.Qb1 Qd7 28.Nd4 Ng5 29.Nxb5 Ra8 30.Qc1 Bh6 31.Nd6 Red8
32.e5 Ra2 33.Be3 Qe7 34.Rb7 Bd7 35.d4 Re2 36.Re1 Rxe1+ 37.Qxe1 Qe6 38.Qxh4  1-0

[Event "PCA/Intel-GP"]
[Site "Moscow"]
[Date "1995.??.??"]
[Round "?"]
[White "Kramnik, Vladimir"]
[Black "Ivanchuk, Vassily"]
[Result "1/2-1/2"]
[WhiteElo "2715"]
[BlackElo "2700"]

1.Nf3 Nf6 2.c4 g6 3.Nc3 Bg7 4.e4 d6 5.d4 O-O 6.Be2 e5 7.d5 a5 8.h3 Na6 9.Bg5 h6
10.Be3 Nh5 11.Nd2 Nf4 12.Bf1 Nc5 13.Nb3 b6 14.g3 Nh5 15.Nxc5 bxc5 16.Qd2 Kh7
17.Be2 Nf6 18.O-O-O Qe7 19.g4 Nd7 20.h4 Nb6 21.h5 g5 22.Nb5 Ba6 23.Qc2 Bxb5
24.cxb5 a4 25.a3 Ra7 26.Kd2 Rfa8 27.Ra1 Qd7 28.Rhb1 Bf8 29.Ke1 Be7 30.f3 Kg8
31.Kf2 Kg7 32.Kg2 Kg8 33.Bd2 Kh7 34.Ra2 Kg8 35.Raa1  1/2-1/2

[Event "PCA/Intel-GP"]
[Site "Moscow"]
[Date "1995.??.??"]
[Round "?"]
[White "Jussupow, Artur"]
[Black "Kramnik, Vladimir"]
[Result "0-1"]
[WhiteElo "2660"]
[BlackElo "2715"]

1.d4 d5 2.c4 c6 3.Nc3 Nf6 4.Nf3 dxc4 5.a4 Bf5 6.e3 Bd3 7.Bxd3 cxd3 8.Qxd3 e6
9.O-O Be7 10.e4 O-O 11.Bg5 Nbd7 12.Rad1 h6 13.Bc1 Re8 14.Qe2 Qa5 15.Nd2 Qh5
16.f3 e5 17.Nb3 exd4 18.Nxd4 Bc5 19.Be3 Nf8 20.Rfe1 Rad8 21.Qf2 N6d7 22.Nf5 Bxe3
23.Qxe3 Nb6 24.Rxd8 Rxd8 25.a5 Nc8 26.Qc5 Qg5 27.h4 Qf4 28.Qb4 Qc7 29.Ne2 Ne6
30.Qc3 Nd6 31.Neg3 Nxf5 32.Nxf5 Qf4 33.Qb4 g6 34.Ne3 Qg3 35.Rf1 Nf4 36.Qe7 Ne6
37.Qxb7 Rd3 38.Qxa7 Nf4 39.Qb8+ Kh7 40.Qa7 Ne2+  0-1

[Event "PCA/Intel-GP"]
[Site "Moscow"]
[Date "1995.??.??"]
[Round "?"]
[White "Jussupow, Artur"]
[Black "Kramnik, Vladimir"]
[Result "1-0"]
[WhiteElo "2660"]
[BlackElo "2715"]

1.d4 d5 2.c4 c6 3.Nc3 Nf6 4.Nf3 e6 5.Bg5 h6 6.Bxf6 Qxf6 7.e3 Nd7 8.Bd3 Qd8
9.O-O Be7 10.a3 O-O 11.Qe2 a6 12.Rac1 f5 13.Nd2 Nf6 14.f3 Bd6 15.Kh1 e5 16.c5 Bc7
17.dxe5 Bxe5 18.f4 Bc7 19.Nf3 Bd7 20.Nd4 g6 21.Rf3 Qe7 22.b4 a5 23.Qb2 axb4
24.axb4 Rfe8 25.h3 Kf7 26.b5 Ra5 27.Nb3 Raa8 28.b6 Bb8 29.Ne2 Ne4 30.Ned4 Ra4
31.Qc2 Ra3 32.Rg1 Qh4 33.Bxe4 Rxe4 34.Qb2 Ra4 35.Ra1 Rb4 36.Nc2 Rbc4 37.Qh8 Rxc2
38.Qh7+ Kf8 39.Qxd7 Qe7 40.Qc8+ Qe8 41.Qxb7 Re7 42.Qa8 Rc3 43.Nd4 Rexe3 44.Rxe3 Rxe3
45.Nxc6 Re1+ 46.Rxe1  1-0

[Event "PCA/Intel-GP"]
[Site "Moscow"]
[Date "1995.??.??"]
[Round "?"]
[White "Ivanchuk, Vassily"]
[Black "Kramnik, Vladimir"]
[Result "1/2-1/2"]
[WhiteElo "2700"]
[BlackElo "2715"]

1.e4 c5 2.Nf3 Nc6 3.d4 cxd4 4.Nxd4 Nf6 5.Nc3 e5 6.Ndb5 d6 7.Bg5 a6 8.Na3 b5
9.Bxf6 gxf6 10.Nd5 Bg7 11.c3 f5 12.exf5 Bxf5 13.Nc2 Be6 14.g3 O-O 15.Bg2 Rb8
16.O-O Qd7 17.Qh5 f5 18.Rad1 e4 19.f3 Bxd5 20.Rxd5 Ne7 21.Rd2 d5 22.Bh3 Rb6
23.Kg2 Rh6 24.Qg5 Rg6 25.Qh5 Rh6 26.Qg5 Rg6 27.Qh5  1/2-1/2